|
|
|
|
| LEADER |
00000cam a2200000 4500 |
| 001 |
vtls011859887 |
| 003 |
SK-MaSNL |
| 005 |
20260301051026.0 |
| 008 |
210624s2018 xo gr 000 0 slo |
| 015 |
|
|
|a SNBA2020/11
|
| 020 |
|
|
|a 9788081613432
|q (brožované)
|
| 035 |
|
|
|a urn:nbn:sk:snk-am00empb
|
| 035 |
|
|
|a urn:nbn:sk:snk-am3ijz2
|
| 035 |
|
|
|a 2181FF1D-D81D-415B-9C9A-2D866D6A139A
|
| 040 |
|
|
|a SNK
|b slo
|c SNK
|e rda
|
| 041 |
1 |
|
|a slo
|h eng
|
| 044 |
|
|
|a xo
|c SK
|
| 072 |
|
7 |
|a 27
|x Kresťanstvo. Kresťanská cirkev všeobecne. Ekleziológia
|2 konspekt
|
| 080 |
|
|
|a 27-722.7
|2 2011
|
| 080 |
|
|
|a 27-673.5
|2 2011
|
| 080 |
|
|
|a (0:82-97)
|2 2011
|
| 130 |
0 |
|
|a Justice and only justice you shall pursue (Deuteronomy 16, 18-20)
|l Slovensky
|9 357643
|
| 245 |
1 |
0 |
|a Len o spravodlivosť sa budeš usilovať (Deuteronómium 16, 18-20)
|b týždeň modlitieb za jednotu kresťanov 2019
|c spoločne pripravili Pápežská rada na podporu jednoty kresťanov, Komisia pre vieru a poriadok Svetovej rady cirkví ; z anglického originálu Justice and only justice you shall pursue (Deuteronomy 16, 18-20) preložila Mária Spišiaková
|
| 264 |
|
1 |
|a Trnava
|b Spolok sv. Vojtecha - Vojtech, spol. s.r.o.
|c 2018
|
| 300 |
|
|
|a 54 strán
|c 20 cm
|
| 336 |
|
|
|a text
|b txt
|2 rdacontent
|
| 337 |
|
|
|a bez média
|b n
|2 rdamedia
|
| 338 |
|
|
|a zväzok
|b nc
|2 rdacarrier
|
| 490 |
1 |
|
|a Dokumenty Svätej stolice
|v 96. zväzok
|
| 611 |
2 |
7 |
|a Týždeň modlitieb za jednotu kresťanov
|d (2019 :
|c Slovensko)
|2 SNKPH
|9 357644
|
| 648 |
|
7 |
|a 2019
|2 SNKPH
|9 350886
|
| 650 |
0 |
7 |
|a kresťania
|2 SNKPH
|9 4026
|
| 650 |
0 |
7 |
|a jednota
|2 SNKPH
|9 30813
|
| 650 |
0 |
7 |
|a Christians
|2 SNKPHeng
|9 286525
|
| 650 |
0 |
7 |
|a Unity
|2 SNKPHeng
|9 357645
|
| 655 |
|
7 |
|a modlitby
|2 SNKPH
|9 70550
|
| 655 |
|
7 |
|a Prayers
|2 SNKPHeng
|9 291214
|
| 700 |
1 |
|
|a Spišiaková, Mária,
|d 1962-
|4 trl
|9 190631
|
| 710 |
2 |
|
|a Svetová rada cirkví.
|b Komisia pre vieru a poriadok
|4 com
|9 163200
|
| 710 |
2 |
|
|a Katolícka cirkev.
|b Pápežská rada na podporu jednoty kresťanov
|4 com
|
| 830 |
|
0 |
|a Dokumenty Svätej stolice
|9 314296
|
| 919 |
|
|
|a 978-80-8161-343-2
|
| 958 |
|
|
|a OP
|
| 958 |
|
|
|a NT
|
| 999 |
|
|
|c 602313
|d 604243
|
| 952 |
|
|
|a SNK
|b SNK
|y PREZ
|7 0
|p 17A1376180
|o snkSD 88460
|i snk2019/21191
|8 0
|0 0
|1 0
|4 0
|d 2019-08-20
|f 1
|l 0
|r 2026-02-23 15:58:25
|w 2026-02-23
|
| 952 |
|
|
|a SNK
|b SNK
|y VYP
|7 0
|p 17A1376181
|o snkSD 88460 D1
|i snk2019/21193
|8 0
|0 0
|1 0
|4 0
|d 2019-08-20
|l 0
|r 2026-02-23 15:58:25
|w 2026-02-23
|